Interconexión de las autopistas a Caldera y a San Ramón

Saved in:
Bibliographic Details
Main Author: Baltodano Escobar, Pedro
Format: Unknown
Published: [San José, Costa Rica] 1979
Subjects:
Tags: Add Tag
No Tags, Be the first to tag this record!

MARC

LEADER 00000 a2200000 4500
003 001054
005 20221231143737.0
008 140114s1979 c a m 000 ||s d
040 |c cru CEDI 
090 |a TFG 871 
100 |a Baltodano Escobar, Pedro  |9 16183 
245 |a Interconexión de las autopistas a Caldera y a San Ramón 
260 |c 1979  |a [San José, Costa Rica] 
300 |a  vii, [82] hojas : ilustraciones (algunas plegables) ; 28 cm  
500 |a  Tesis (ingeniero civil)--Universidad de Costa Rica.  
650 |x AUTOPISTAS - COSTA RICA   |x INGENIERIA DEL TRANSITO - COSTA RICA  |9 16184 
942 |c TFG 
999 |c 11152  |d 11152